00878cpcaa2200265 a 4500001001300000003000400013005001700017008004100034010001700075040002400092072001200116100003100128245005200159300001300211506002200224520010100246545002800347546003600375580005700411600005900468650002500527656002000552656002300572999001700595mm 80002073 DLC20260227111659.0800115|||||||||||| eng  amm 80002073  aDLCcDLCdDLCedacs 7aL2lcmd1 aWalker, James,d1794-1874.00aJames Walker correspondence,f1829 November 29. a1fitem.0 aOpen to research.8 aALS written by Walker to Elizabeth Palmer Peabody concerning her public readings from her works.0 aClergyman and educator. aCollection material in English. aForms part of: Miscellaneous Manuscripts collection.10aPeabody, Elizabeth Palmer,d1804-1894vCorrespondence. 0aOral interpretation. 7aClergy.2itoamc 7aEducators.2itoamc c42447d42447